| 000 | 00437nam a22001337a 4500 | ||
|---|---|---|---|
| 008 | 150306b xxu||||| |||| 00| 0 eng d | ||
| 020 | _a9780198392828 | ||
| 050 | _aHF 1118 .G985 2014 | ||
| 100 | _aGutteridge, Lloyd | ||
| 245 |
_aBusiness management for the IB diploma _b : oxford IB study guides / _cLloyd Gutteridge |
||
| 260 |
_aUnited Kinfdom _bOxford University Press _c2014 |
||
| 300 |
_a155 pages. _c29 cm. |
||
| 942 |
_2lcc _cBK |
||
| 999 |
_c283739 _d283739 |
||